Statistiques concernant Stades de ligue 1 et ligue 2 (2022/2023)

Cliquez ici pour prendre le quiz!

Statistiques générales

  • Ce quiz a été pris 145 fois
  • Le résultat moyen est 10 sur 40

Statistiques - réponses

EquipeStade% Correct
Paris Saint-GermainParc des Princes
94%
Olympique de MarseilleOrange Vélodrome
76%
Olympique LyonnaisGroupama Stadium
71%
Football Club de NantesLa Beaujoire
69%
Montpellier Hérault SCLa Mosson
56%
OGC NiceAllianz Riviera
52%
Racing Club de StrasbourgLa Meinau
52%
Toulouse Football ClubStadium
50%
Angers SCOStade Raymond Kopa
38%
FC Girondins de BordeauxMatmut Atlantique
34%
Stade Rennais FCRoazhon Park
33%
FC LorientLe Moustoir
32%
RC LensStade Bollaert
32%
LOSC LilleStade Pierre Mauroy
28%
ESTAC TroyesStade de l'Aube
26%
AS MonacoStade Louis II
26%
Stade de ReimsStade Auguste Delaune
25%
EAG GuingampStade du Roudourou
22%
AS Saint-EtienneStade Geoffroy Guichard
20%
AJ AuxerreStade de l'Abbé Deschamps
18%
Grenoble Foot 38Stade des Alpes
17%
Stade Brestois 27Stade Francis le Blé
16%
AC AjaccioStade François Coty
15%
Clermont Foot 63Stade Gabriel Montpied
14%
Paris FCStade Charléty
13%
SM CaenStade Michel d'Ornano
13%
Annecy FCParc des Sports
12%
FC MetzStade Saint-Symphorien
12%
Nîmes OlympiquesStade des Costières
11%
Dijon FCOStade Gaston-Gérard
8%
Valenciennes FCStade du Hainaut
6%
Sochaux-MontbéliardStade Auguste-Bonal
5%
SC BastiaStade Armand-Césari
4%
Stade LavalloisStade Francis le Basser
3%
Le Havre ACStade d'Océane
2%
Rodez Aveyron FootballStade Paul Lignon
2%
Pau FCStade Nouste Camp
1%
Chamois Niortais FCStade René Gaillard
1%
Amiens SCStade Crédit Agricole de la Licorne
0%
Quevilly Rouen MétropoleStade Robert Diochon
0%

Distribution des résultats

Percentile par nombre de réponses

% des personnes avec chaque résultat

Votre développement - résultats

Vous n’avez pas pris ce quiz